| 000 | 00509nam a2200169Ia 4500 | ||
|---|---|---|---|
| 999 |
_c8701 _d8701 |
||
| 003 | OSt | ||
| 005 | 20201008093917.0 | ||
| 008 | 190216s9999||||xx |||||||||||||| ||und|| | ||
| 020 | _a9788185749235 | ||
| 040 | _coclc | ||
| 082 |
_a004 _bCHA/F |
||
| 100 |
_aChauhan, D K S _95068 |
||
| 245 | 0 |
_aFundamentals Of Computer Programming And Information Technology / _cD K S Chauhan |
|
| 260 |
_bSk Kathara & Sons, _c1999. _aDelhi: |
||
| 300 | _a550p | ||
| 942 |
_cBK _2ddc _h004 _iCHA/F _k004 _mCHA/F |
||